Amerigo y el Nuevo Mundo
保存先:
| 第一著者: | |
|---|---|
| フォーマット: | 図書 |
| 言語: | スペイン語 |
| 出版事項: |
Madrid
Alianza
1990
|
| 版: | 1a. ed |
| シリーズ: | El Libro de Bolsillo
|
| 主題: | |
| タグ: |
タグ追加
タグなし, このレコードへの初めてのタグを付けませんか!
|
MARC
| LEADER | 00000nam a2200000 a 4500 | ||
|---|---|---|---|
| 001 | UCJ0419 | ||
| 003 | CL-VaPUC | ||
| 008 | 060804e19900000SP |||||||||||||||||spa|d | ||
| 020 | |a 8420604569 | ||
| 082 | 0 | 4 | |a 980.0092 |b ARC |2 21 |
| 100 | 0 | |a Arciniegas, Germán |e author |9 500604 | |
| 245 | 1 | 0 | |a Amerigo y el Nuevo Mundo |
| 250 | |a 1a. ed | ||
| 300 | |a 364 p | ||
| 942 | |c BK | ||
| 945 | |d 20060804 00:00:00 |a cmena | ||
| 260 | |a Madrid |b Alianza |c 1990 | ||
| 600 | 0 | 7 | |a VESPUCIO, AMERICO |2 CL-VaPUC |9 265195 |
| 650 | 0 | |a Historia de América |9 266076 | |
| 650 | 0 | |a Biografías |9 255210 | |
| 651 | 0 | |a América |9 255182 | |
| 583 | |a last modification |c 20060804 00:00:00 |k Rodrigo Vera | ||
| 490 | 0 | |a El Libro de Bolsillo | |
| 999 | |c 317274 |d 317272 | ||
| 952 | |0 0 |1 0 |4 0 |6 980_009200000000000_ARC_1990 |7 0 |8 A |9 393344 |a BIBHIS |b BIBHIS |d 2019-11-22 |i 2109190 |o 980.0092 ARC 1990 |p 2109190 |r 2025-01-20 |w 2019-11-22 |y BK |k HIS | ||